الإعتدال في إثبات عذاب القبر ونعيمه : (رقم التسجيلة. 56196)

تفاصيل مارك
000 -LEADER
fixed length control field 00596nam a22001697a 4500
005 - DATE AND TIME OF LATEST TRANSACTION
control field 20251108171101.0
008 - FIXED-LENGTH DATA ELEMENTS--GENERAL INFORMATION
fixed length control field 250721s1998 xx 000 0 ara d
082 14 - DEWEY DECIMAL CLASSIFICATION NUMBER
Classification number 214/صفي
100 1# - MAIN ENTRY--PERSONAL NAME
Personal name أبو صفيه، عبد الوهاب رشيد
245 10 - TITLE STATEMENT
Title الإعتدال في إثبات عذاب القبر ونعيمه :
Remainder of title من خلال الرد على كتاب حقيقة عذاب القبر /
264 1# - PRODUCTION, PUBLICATION, DISTRIBUTION, MANUFACTURE, AND COPYRIGHT NOTICE
Place of production, publication, distribution, manufacture عمان :
Name of producer, publisher, distributor, manufacturer دار عمار،
Date of production, publication, distribution, manufacture, or copyright notice 1998.
300 ## - PHYSICAL DESCRIPTION
Extent 228ص
650 17 - SUBJECT ADDED ENTRY--TOPICAL TERM
Topical term or geographic name as entry element الشريعة الإسلامية
650 17 - SUBJECT ADDED ENTRY--TOPICAL TERM
Topical term or geographic name as entry element اليوم الآخر
942 ## - ADDED ENTRY ELEMENTS (KOHA)
Source of classification or shelving scheme Dewey Decimal Classification
Koha item type كتب
المقتنيات
حالة السحب حالة الفقدان مصدر التصنيف حالة التلف غير قابل للإعارة المكتبة الرئيسية المكتبة الحالية موقع الرف تاريخ التزويد الرقم المتسلسل Total Checkouts رقم الإستدعاء الباركود تاريخ آخر ظهور تاريخ الفاتورة نوع المادة (كوها)
    Dewey Decimal Classification     مكتبة الأميرة ايمان العامة مكتبة الأميرة ايمان العامة الإعارة 01/11/2013 [11204]   214/صفي PLD00284599 28/07/2025 01/11/2013 كتب
    Dewey Decimal Classification     مكتبة صويلح العامة مكتبة صويلح العامة الإعارة 13/09/2015 [14138   214/صفي PLD00346703 28/07/2025 13/09/2015 كتب
Implemented & Customized by: BBB with SCIT (Smart Chains for Information Technology)

Powered by Koha